LEADER 01293nam a22003855i 4500 001 991002248469707536 007 cr nn 008mamaa 008 121227s1994 de | s |||| 0|eng d 020 $a9783540484110 035 $ab1414430x-39ule_inst 040 $aBibl. Dip.le Aggr. Matematica e Fisica - Sez. Matematica$beng 082 04$a515$223 084 $aAMS 46E25 084 $aAMS 46E50 084 $aAMS 47A70 084 $aAMS 47B38 084 $aAMS 47D40 084 $aAMS 60H99 084 $aAMS 60J65 100 1 $aObata, Nobuaki$0441106 245 10$aWhite noise calculus and fock space$h[e-book] /$cby Nobuaki Obata 260 $aBerlin :$bSpringer,$c1994 300 $a1 online resource (x, 190 p.) 440 0$aLecture Notes in Mathematics,$x0075-8434 ;$v1577 650 0$aMathematics 650 0$aGlobal analysis (Mathematics) 650 0$aDistribution (Probability theory) 650 0$aMathematical physics 773 0 $aSpringer eBooks 856 40$uhttp://dx.doi.org/10.1007/BFb0073952$zAn electronic book accessible through the World Wide Web 907 $a.b1414430x$b03-03-22$c05-09-13 912 $a991002248469707536 996 $aWhite noise calculus and Fock space$978723 997 $aUNISALENTO 998 $ale013$b05-09-13$cm$d@ $e-$feng$gde $h0$i0 LEADER 01795nam a2200469 i 4500 001 991001375139707536 005 20020507192329.0 008 961008s1977 us ||| | eng 020 $a0387902260 (v.1) 020 $a0387902268 (v.2) 035 $ab10838843-39ule_inst 035 $aLE01311323$9ExL 040 $aDip.to Matematica$beng 082 0 $a519.23 084 $aAMS 60G 084 $aAMS 60H 084 $aAMS 60J 084 $aAMS 62L 084 $aAMS 62M 084 $aAMS 62N 084 $aAMS 93E 084 $aAMS 94A05 084 $aLC QA274.S53 100 1 $aLiptser, Robert Shevilevich$0531881 245 10$aStatistics of random processes /$cR. S. Liptser, A. N. Shiryayev ; translated by A. B. Aries 260 $aNew York :$bSpringer-Verlag,$cc1977-1978 300 $a2 v. ;$c24 cm 490 0 $aApplications of mathematics,$x0172-4568 ;$v5 490 0 $aApplications of mathematics,$x0172-4568 ;$v6 500 $aContents: 1. General theory. - 2. Applications 500 $aIncludes bibliographical references and indexes 500 $aRevised and expanded translation of the authors' Statistika sluchainykh protsessov, originally published in 1974 650 0$aMathematical statistics 650 0$aStochastic processes 700 1 $aShiryaev, Albert Nikolaevich 907 $a.b10838843$b23-02-17$c28-06-02 912 $a991001375139707536 945 $aLE013 62M LIP12 V.II (1978)$cV. 2$g1$i2013000062495$lle013$o-$pE0.00$q-$rl$s- $t0$u1$v0$w1$x0$y.i10948612$z28-06-02 945 $aLE013 62M LIP12 V.I (1977)$cV. 1$g1$i2013000062600$lle013$o-$pE0.00$q-$rl$s- $t0$u1$v0$w1$x0$y.i10948624$z28-06-02 996 $aStatistics of random processes$9899921 997 $aUNISALENTO 998 $ale013$b01-01-96$cm$da $e-$feng$gus $h0$i2